000 00366nam a2200157Ia 4500
003 OSt
005 20240203161341.0
008 170523s9999 xx 000 0 und d
020 _a978-9332584327
040 _ciimt university meerut
100 _aKEEGAN- WJ
245 0 _aGLOBAL MARKETING MANAGEMENT
260 _bNEW DELHI PHI
260 _c1995
942 _2ddc
_c02
999 _c282
_d282